কেমন আছে পশ্চিমবঙ্গের মুসলমান / (Record no. 30955)
[ view plain ]
| 000 -LEADER | |
|---|---|
| fixed length control field | 00888nam a22002177a 4500 |
| 003 - CONTROL NUMBER IDENTIFIER | |
| control field | BDDh-ASL |
| 005 - DATE AND TIME OF LATEST TRANSACTION | |
| control field | 20231015031219.0 |
| 008 - FIXED-LENGTH DATA ELEMENTS--GENERAL INFORMATION | |
| fixed length control field | 230310s2021 b ||||| |||| 00| 0 b d |
| 040 ## - CATALOGING SOURCE | |
| Original cataloging agency | BDDh-ASL |
| Transcribing agency | BDDh-ASL |
| 041 ## - LANGUAGE CODE | |
| Language code of text/sound track or separate title | Bengali |
| 082 ## - DEWEY DECIMAL CLASSIFICATION NUMBER | |
| Classification number | 297.092 |
| Item number | DAK |
| 100 1# - MAIN ENTRY--PERSONAL NAME | |
| Personal name | দত্ত, মিলন |
| Titles and words associated with a name | অধ্যাপক |
| 9 (RLIN) | 6535 |
| 245 10 - TITLE STATEMENT | |
| Title | কেমন আছে পশ্চিমবঙ্গের মুসলমান / |
| 246 ## - VARYING FORM OF TITLE | |
| Title proper/short title | Kemon ache Poschimbonger Musolman by Milon Datta. |
| 260 ## - PUBLICATION, DISTRIBUTION, ETC. | |
| Place of publication, distribution, etc. | ঢাকা : |
| Name of publisher, distributor, etc. | প্রথমা প্রকাশন, |
| Date of publication, distribution, etc. | 2021. |
| 300 ## - PHYSICAL DESCRIPTION | |
| Extent | 126 p. : |
| Dimensions | 22 cm. |
| 504 ## - BIBLIOGRAPHY, ETC. NOTE | |
| Bibliography, etc. note | Includes bibliographical references and index. |
| 650 #0 - SUBJECT ADDED ENTRY--TOPICAL TERM | |
| Topical term or geographic name entry element | মুসলমানদের ইতিহাস |
| General subdivision | ইসলাম ধর্ম |
| 9 (RLIN) | 855 |
| 651 #0 - SUBJECT ADDED ENTRY--GEOGRAPHIC NAME | |
| Geographic name | পশ্চিমবঙ্গ (West Bengal) |
| Geographic subdivision | ভারত (India) |
| 9 (RLIN) | 7450 |
| 942 ## - ADDED ENTRY ELEMENTS (KOHA) | |
| Source of classification or shelving scheme | Dewey Decimal Classification |
| Koha item type | Books |
| Withdrawn status | Lost status | Source of classification or shelving scheme | Damaged status | Not for loan | Collection code | Home library | Current library | Shelving location | Date acquired | Source of acquisition | Total Checkouts | Full call number | Barcode | Date last seen | Copy number | Price effective from | Koha item type | Public note |
|---|---|---|---|---|---|---|---|---|---|---|---|---|---|---|---|---|---|---|
| Dewey Decimal Classification | Non-fiction | Asiatic Society Library | Asiatic Society Library | General Stacks | 03/10/2023 | Book purchased in 2022 from Ekushey Book Fair | 297.092 DAK | 119520 | 03/10/2023 | C-1 | 03/10/2023 | Books | Y-2021 |